000 00510nam a22001937a 4500
003 OSt
005 20240723111344.0
008 240723b |||||||| |||| 00| 0 eng d
020 _a0333790022
040 _cMUST
082 _a306 KID 2002
100 _aKidd, Warren
_913435
245 _aCulture and identity /
_cWarren Kidd
260 _aLondon
_bPalgrave
_c2002
300 _ax, 227p.:
_c28 cm.
504 _aIncludes bibliographical references and index
650 _aCulture
_97897
942 _2ddc
_cO_SHELF
999 _c9268
_d9268